000 00671nam a2200217 a 4500
001 63549
003 BD-RJUL
005 20240320143352.0
008 240320r19641939enk 000 1 eng d
035 _a(BD-RJUL)63549
040 _aCCH
_cCCH
_dm.c
_dBD-RJUL
_beng
041 _aeng
082 _223
_a823.912
_bJOF 1964
100 1 _aJoyce, James,
_d1882-1941.
_9187223
245 1 0 _aFinnegans wake /
_cby James Joyce.
260 _aLondon :
_bFaber & Faber,
_c1939, [reprinted1960,1964]
300 _a628 p. ;
_c22 cm.
650 _aOlder men -- Ireland -- Dublin -- Fiction.
_9188911
650 _aDreams -- Ireland -- Dublin -- Fiction.
_9188912
942 _2ddc
_cBK
999 _c63549
_d63549